| 000 | 01489nam a2200289 i 4500 | ||
|---|---|---|---|
| 001 | 40307 | ||
| 003 | ES-MaACL | ||
| 005 | 20250826151005.0 | ||
| 007 | t| | ||
| 008 | 030305s1889 sp ||||1| spa d | ||
| 080 | _a929 Santa Cruz de Marcenado, Álvaro Navia Ossorio, Marqués de | ||
| 100 | 1 |
_aCarrasco Labadia, Miguel. _935560 |
|
| 245 | 1 | 3 |
_aEl marqués de Santa Cruz de Marcenado : _bnoticias históricas de su vida, sus escritos y la celebración de su centenario en 1884 / _cpor Don Miguel Carrasco-Labadia ; con un post-scriptum de Don Luis Vidart. |
| 250 | _a2ª ed. refundida, corr. y aum. | ||
| 260 |
_aMadrid : _b[s.n.], _c1889 ( _fImp. y Lit. del Depósito de la Guerra) |
||
| 300 |
_aXXXI, 584 p., [1] h. de lám. ; _c24 cm. |
||
| 505 | 8 | _aReferencias al Ateneo de Madrid | |
| 530 | _aDisponible en formato digital. | ||
| 586 | _a"Obra premiada en el certamen que, en conmemoración del segundo centenario del nacimiento de aquel ilustre general... se celebró en el Centro del Ejército y Armada... el 19 de diciembre del citado año" | ||
| 599 | _aLám: retr. de Álvaro Navia-Ossorio. | ||
| 600 | 1 | 7 |
_aSanta Cruz de Marcenado, Alvaro Navia Ossorio, _cMarqués de- _xBiografías _2 _9132422 |
| 700 | 1 |
_aVidart, Luis, _d1833-1897 _9114538 |
|
| 710 | 1 |
_aEspaña. _bDepósito de la Guerra. _9167579 |
|
| 852 |
_aES-MaACL _jB-553 |
||
| 856 |
_uhttp://bdh-rd.bne.es/viewer.vm?id=0000079820&page=1 _zBiblioteca Digital Hispánica |
||
| 999 |
_c40307 _d40307 |
||